000 01132nam a2200313 c 4500
003 BLK
005 20250620111314.0
008 180408b bul|||||r ||||||| ||bul||
010 _aKNG00054095000
020 _a954-9745-87-2
_bиздат.: Еднорог
040 _aBLK
041 _aBUL
_cBUL
080 _aТурска литература
_b821.512.161
_x-31
_z821.512.161-31
100 1 _aПамук, Орхан
_eпърви автор
_9105861
700 1 _aСамуилова, Розия Бечева
_eпрев.
_9283071
139 _aПамук, Орхан
_bП 16
245 1 0 _aБялата крепост
_bРоман
_cОрхан Памук; прев. Розия Бечева Самуилова.
257 _aTUR
260 София
_bЕднорог
_c2005
_fСофия : Дракон
300 _a224 с.
_c20 см
380 _aX
500 _aОриг. загл. Beyaz kale
852 _aЦб 223912
856 4 _qpdf
_u
856 4 _qpdf
_u
942 _cKNG
_n0
_019
944 _aCR
_c31.05.2005
_k30576
_lЦветомила Тодорова
944 _aED
_c24.08.2015
_kВиолета_Тройчева
999 _c50224
_d50224